000 00383cam a2200145ua 4500
041 _aeng
_h
082 _a828.09
_bTIL/NO
100 _aTillotson, Kathleen .
245 _aNovels of the Eightenn forties /
_cKathleen Tillotson.
_hTextual Documents
260 _aLondon :
_bOxford University Press ,
_c1955.
300 _a328 ; .
504 _a
942 _cBK
999 _c3913
_d3913